[Event "Baku op-A"]
[Site "Baku"]
[Date "2011.08.07"]
[Round "2"]
[White "Aghayev, Nijat"]
[Black "Safarli, Eltaj"]
[Result "0-1"]
[WhiteElo "2279"]
[BlackElo "2622"]
[PlyCount "112"]
[EventDate "2011.08.06"]
[EventType "swiss"]
[EventRounds "9"]
[EventCountry "AZE"]
[SourceTitle "CBM 143 Extra"]
[Source "ChessBase"]
[SourceDate "2011.08.29"]
[SourceVersion "1"]
[SourceVersionDate "2011.08.29"]
[SourceQuality "1"]

1. d4 Nf6 2. Nf3 g6 3. Nc3 d5 4. Bf4 Bg7 5. Qd2 Ne4 6. Nxe4 dxe4 7. Ng5 Bf5 8. g4 Bxg4 9. c3 e5 10. dxe5 Qxd2+ 11. Bxd2 Bxe5 12. Nxe4 Nc6 13. h3 Bf5 14. Bg2 0-0-0 15. 0-0-0 Rhe8 16. Be3 Bg7 17. Nc5 Bf8 18. Nb3 Be6 19. Rxd8+ Nxd8 20. Rd1 b6 21. Nd4 Bd7 22. Rd2 c5 23. Nc2 Ne6 24. Na3 f5 25. Rd1 f4 26. Bd2 Bd6 27. h4 Ng7 28. Bf3 Nf5 29. Rh1 h5 30. Nc2 Be7 31. Bxf4 Nxh4 32. Bd5 Rf8 33. Be5 Bg4 34. f3 Bg5+ 35. f4 Be7 36. e4 Nf3 37. Bg7 Rxf4 38. Ne3 Bf6 39. Bh6 Bg5 40. Bxg5 Nxg5 41. Nxg4 hxg4 42. e5 Rf5 43. Rg1 Rxe5 44. c4 Nh3 45. Rxg4 g5 46. Re4 Rxe4 47. Bxe4 Kc7 48. Kd2 Kd6 49. Ke3 Ke5 50. Bc6 Nf4 51. Bd7 Nh5 52. a3 Nf6 53. Bc8 Ne4 54. b3 Nd6 55. Bd7 Nf5+ 56. Kf2 a5 0-1